Statistics for Count to 10 in Europe: Insane

Click here to take the quiz!

General Stats

  • This quiz has been taken 4,246 times
    (3,761 since last reset)
  • The average score is 103 of 330

Answer Stats

Answer% Correct
on
98%
98%
five
97%
four
97%
ni
97%
six
97%
three
97%
two
97%
eight
96%
nine
96%
seven
96%
ten
96%
one
95%
un
95%
tre
93%
90%
uno
90%
tres
87%
três
87%
dos
85%
dos/dues
85%
sei
76%
cinc
73%
öç
73%
drei
72%
zwei
71%
cinco
70%
cinq
70%
deu
70%
du
68%
eins
68%
ocho
67%
trois
67%
deux
66%
fünf
66%
acht
65%
quatro
65%
seis
65%
quatre
64%
cuatro
63%
sept
63%
sieben
63%
nueve
62%
vier
62%
neuf
61%
neun
61%
siete
61%
dix
59%
sechs
59%
huit
58%
vuit/huit
58%
diez
57%
zehn
57%
en
55%
due
52%
set
52%
to
52%
öt
50%
trí
50%
tři
50%
tri
50%
try
50%
sex
47%
ti
47%
quattro
45%
cinque
42%
otto
41%
nove
40%
dva
38%
sette
38%
dva
36%
één
36%
dve/dva
35%
dva
34%
dieci
31%
um
30%
doi/două
29%
sete
29%
dois/dous
28%
drie
28%
fem
28%
twee
28%
šest
27%
šest'
27%
två
26%
fyra
24%
tien
24%
trei
24%
vijf
24%
zeven
24%
dez
23%
ett/eitt
23%
jeden
23%
negen
23%
nio
23%
odin
23%
odyn
23%
seks
23%
sju
23%
tio
23%
zes
23%
åtta
22%
dwa
22%
tris/tría
22%
oito
21%
šest
21%
šesť
21%
sis
21%
fire
20%
p'yat'
20%
pyat'
20%
deset
19%
devět
19%
devet
19%
kaks
19%
pet
19%
pět
19%
sem'
19%
sem
19%
ena
18%
éna(s)
18%
kaksi
18%
kolm
18%
četiri
17%
kolme
17%
pięć
17%
trzy
17%
vosem
17%
vosem'
17%
yksi
17%
åtte
16%
desyat'
16%
dev'yat'
16%
devyat'
16%
dýo
16%
nou
16%
otte
16%
päť
16%
syv
16%
unu
16%
cztery
15%
dous
15%
kuus
15%
neljä
15%
osem
15%
osiem
15%
siedem
15%
sześć
15%
viis
15%
viisi
15%
catro
14%
četyre
14%
déka
14%
dve
14%
dziesięć
14%
dziewięć
14%
eftá
14%
jedan
14%
kuusi
14%
pénde
14%
sedem
14%
seitse
14%
try
14%
dy
13%
kahdeksan
13%
kymmenen
13%
ochtó/októ
13%
osam
13%
sedam
13%
seitsemän
13%
trīs
13%
üç
13%
yhdeksän
13%
bir
12%
cinci
12%
desať
12%
deväť
12%
éxi
12%
két
12%
neli
12%
ocht
12%
tésseris/-ra
12%
üks
12%
ennéa
11%
iki
11%
nouă
11%
opt
11%
osm
11%
patru
11%
şapte
11%
şase
11%
sedm
11%
štyri
11%
zece
11%
beş
10%
četri
10%
čtyři
10%
dört
10%
egy
10%
hét
10%
kaheksa
10%
kilenc
10%
kümme
10%
šeši
10%
seši
10%
altı
9%
divi
9%
dokuz
9%
edno
9%
három
9%
hat
9%
šèsc'
9%
sim
9%
štiri
9%
tíz
9%
trys
9%
üheksa
9%
vienas
9%
viens
9%
yedi
9%
adzin
8%
aon
8%
astoņi
8%
aštuoni
8%
ceathair
8%
čotyry
8%
cúig
8%
deich
8%
dešimt
8%
desmit
8%
deviņi
8%
devyni
8%
ħamsa
8%
keturi
8%
naoi
8%
négy
8%
nyolc
8%
penki
8%
pieci
8%
seacht
8%
sekiz
8%
septiņi
8%
septyni
8%
šist'
8%
čatyry
7%
erbgħa
7%
katër
7%
një/nji
7%
pjac'
7%
sitta
7%
tetë
7%
tlieta
7%
tnejn
7%
visim
7%
wieħed
7%
ber
6%
biş
6%
dhjetë/dhetë
6%
disgħa
6%
għaxra
6%
gjashtë
6%
nëntë/nândë
6%
pesë
6%
sebgħa
6%
shtatë
6%
tmienja
6%
dürt
5%
dzesjac'
5%
dzevjac'
5%
ike
5%
cide
4%
sigez
4%
tuğız
4%

Score Distribution

Percentile by Number Answered

Percent of People with Each Score

Your Score History

You have not taken this quiz since the last reset